| 000 | 00394nam a22001577a 4500 | ||
|---|---|---|---|
| 005 | 20260108111748.0 | ||
| 008 | 260107b |||||||| |||| 00| 0 eng d | ||
| 020 |
_a81100616X _qhbk |
||
| 082 |
_a300.72 _bTHA |
||
| 100 | _aDevendra, Thakur | ||
| 245 | _aReserch Methodology in social sciences | ||
| 260 |
_aNew Delhi _bdeep _c2009 |
||
| 300 | _ax490 p, | ||
| 504 | _aindex | ||
| 942 | _cENGLISH | ||
| 999 |
_c607548 _d607548 |
||